书目信息 |
| 题名: |
美丽的珊瑚礁
|
|
| 作者: | 美帕姆·沃克 等著 张凡姗 译 | |
| 分册: | ||
| 出版信息: | 上海 上海科学技术文献出版社 2006.70 |
|
| 页数: | ||
| 开本: | 16开 | |
| 丛书名: | ||
| 单 册: | ||
| 中图分类: | P737.2-49 | |
| 科图分类: | ||
| 主题词: | 海洋学--基础理论 | |
| 电子资源: | ||
| ISBN: | 7-5439-2871-X | |
| 000 | 00623nam0 2200181 450 | |
| 001 | 0736196517 | |
| 005 | 20070924100316.51 | |
| 010 | @a7-5439-2871-X@d¥15.00 | |
| 100 | @a20070924d km y0chiy0120 ea | |
| 101 | 0 | @achi |
| 200 | 1 | @a美丽的珊瑚礁@Amei li de shan hu jiao@f[美]帕姆·沃克 等著 张凡姗 译@F[mei]pa mu·wo ke deng zhu zhang fan shan yi |
| 210 | @a上海@c上海科学技术文献出版社@d2006.70 | |
| 215 | @d16开 | |
| 606 | 0 | @a海洋学@x基础理论 |
| 690 | @aP737.2-49@v3 | |
| 701 | 0 | @a美帕姆·沃克 等著 张凡姗@Amei pa mu·wo ke deng zhu zhang fan shan@4译 |
| 801 | 0 | @aCN@bPFT@c20070924 |
| 905 | @a213230@dP737.2-49@eZY14@f1 | |
| 美丽的珊瑚礁/[美]帕姆·沃克 等著 张凡姗 译.-上海:上海科学技术文献出版社,2006.70 |
| 16开 |
| ISBN 7-5439-2871-X:¥15.00 |
| ● |
| 相关链接 |
|
|
|
|
正题名:美丽的珊瑚礁
索取号:P737.2-49/ZY14
 
预约/预借
| 序号 | 登录号 | 条形码 | 馆藏地/架位号 | 状态 | 备注 |
| 1 | 7902116 | 279021167 | 密集书库-资源管理系/ [索取号:P737.2-49/ZY14] | 在馆 |